De la concertación a la nueva política industrial / (Registro nro. 12508)

Detalles MARC
000 -LEADER
fixed length control field 01163nam a2200217Ia 4500
003 - CONTROL NUMBER IDENTIFIER
control field OSt
005 - DATE AND TIME OF LATEST TRANSACTION
control field 20210923111454.0
008 - FIXED-LENGTH DATA ELEMENTS--GENERAL INFORMATION
fixed length control field 210310s9999 ck ad gr 000 0 spa d
040 ## - CATALOGING SOURCE
Original cataloging agency CO-JMCR
Transcribing agency CO-JMCR
041 0# - LANGUAGE CODE
Language code of text/sound track or separate title spa
082 04 - DEWEY DECIMAL CLASSIFICATION NUMBER
Classification number 338.48 /
Item number F293c
Edition number 23
110 2# - MAIN ENTRY--CORPORATE NAME
Corporate name or jurisdiction name as entry element Federación Colombiana de Industrias Metalúrgicas
Relator term autor
9 (RLIN) 40701
245 16 - TITLE STATEMENT
Title De la concertación a la nueva política industrial /
Statement of responsibility, etc. Federación Colombiana de Industrias Metalúrgicas
260 ## - PUBLICATION, DISTRIBUTION, ETC.
Place of publication, distribution, etc. Bogotá :
Name of publisher, distributor, etc. Sena,
Date of publication, distribution, etc. 1995.
300 ## - PHYSICAL DESCRIPTION
Extent 228 páginas :
Other physical details ilustraciones y gráficas en blanco y negro ;
Dimensions 25 cm.
505 0# - FORMATTED CONTENTS NOTE
Formatted contents note Barranquilla como escenario de reflexión gremial. -- Competir en la apertura. -- De la concentración a la nueva política industrial. -- Mercosur en el contexto latinoamericano. -- Estrategia comercial, industrial, ambiental y de infraestructura para la competitividad. -- El gobierno y la industria se comprometen a controlar el contrabando, reducir la evasión de impuestos y capacitar a los trabajadores.
650 14 - SUBJECT ADDED ENTRY--TOPICAL TERM
Topical term or geographic name entry element Estrategia comercial.
9 (RLIN) 40742
650 24 - SUBJECT ADDED ENTRY--TOPICAL TERM
Topical term or geographic name entry element Estrategia industrial
9 (RLIN) 40703
650 24 - SUBJECT ADDED ENTRY--TOPICAL TERM
Topical term or geographic name entry element Estrategia ambiental
9 (RLIN) 40743
942 ## - ADDED ENTRY ELEMENTS (KOHA)
Source of classification or shelving scheme Dewey Decimal Classification
Koha item type Books
Existencias
Withdrawn status Lost status Source of classification or shelving scheme Damaged status Not for loan Home library Current library Shelving location Date acquired Source of acquisition Full call number Barcode Date last seen Copy number Price effective from Koha item type
    Dewey Decimal Classification     Biblioteca Pública José María del Castillo y Rada Biblioteca Pública José María del Castillo y Rada General Stacks 04/15/2018 Donación 338.48 / F293c 430005509 05/16/2024 Ej.1 03/10/2021 Books